000
00255nam a2200097Ia 4500
001
967707
005
20250826220329.0
008
250824s9999 xx 000 0 und d
245
0
_a
FITRAT PEDAGOJİSİ
_c
HATİCE KÜBRA TONGAR
260
_b
HAYY KİTAP YAYINLARI
999
_c
967707
_d
967707